II Exposició del llibre català
Publicado:
San Jorge, núm. 94 (2n, 3r i 4t trimestre 1974), pàg 91 :
MARC
| LEADER | 00000nam a2200000Ia 4500 | ||
|---|---|---|---|
| 001 | |||
| 008 | 160829s9999 xx 000 0 cat d | ||
| 245 | |a II Exposició del llibre català | ||
| 260 | |a San Jorge, núm. 94 (2n, 3r i 4t trimestre 1974), pàg 91 | ||
| 610 | 2 | 0 | |a Hospital de la Santa Creu i Sant Pau (Barcelona, Catalunya) |9 55039 |
| 650 | |a Llibre català |x Exposicions |9 41552 | ||
| 901 | |a Arxiu | ||
| 942 | |n 1 | ||
| 952 | |0 0 |1 0 |4 0 |7 1 |9 50267 |a Arxiu |b Arxiu |d 2016-12-01 |l 0 |r 2016-12-01 00:00:00 |w 2016-12-01 |y ARXIU | ||
| 999 | |c 54109 |d 54109 | ||